Bankovní dohled 2001 Česká národní banka

Saved in:
Bibliographic Details
Format: Book
Language:Czech
Published: Praha Česká národní banka [2002]
Subjects:
Tags: Add Tag
No Tags, Be the first to tag this record!

MARC

LEADER 00000nam a2200000 4500
001 c141644
005 20221124091756.8
041 0 |a cze 
044 |a CZ 
245 1 0 |a Bankovní dohled 2001  |b Česká národní banka 
264 1 |a Praha  |b Česká národní banka  |c [2002] 
300 |a 65 s.  |e 1 CD-ROM 
610 2 0 |a banky 
610 2 0 |a bankovníctvo 
610 2 0 |a dohľad bankový 
610 2 0 |a riziko bankové 
610 2 0 |a štruktúra organizačná 
610 2 0 |a úver bankový 
610 2 0 |a papiere cenné 
610 2 0 |a výsledok hospodársky 
610 2 0 |a aktíva 
610 2 0 |a ČNB Praha 
610 2 0 |a Česko 
610 2 0 |a 2001